000 00840nam a22002777i 4500
003 DO-SdBNP
005 20260129125203.0
007 ta
008 250609b2000 dr ||||| |||| 00| 0 spa d
040 _aDO-SdBNP
_bspa
_cBNPHU
_erda
041 _aspa
082 1 _axxxx
_bR426L
_222
110 1 _aRepública Dominicana.
_9447
240 1 0 _a[Leyes, etc.]
245 1 0 _aLey No. 20-00, sobre propiedad industrial G.O. 10044
264 1 _aSanto Domingo :
_bCongreso Nacional,
_c2000.
300 _a76 páginas ;
_c22 cm.
336 _atexto
_btxt
_2rdacontent
337 _asin mediación
_bn
_2rdamedia
338 _avolumen
_bnc
_2rdacarrier
590 _aInventariado, 2025/BT
650 4 _aSeguridad social
_xLegislación
_zRepública Dominicana
_914351
650 0 _aLegislación social
_91149
910 _aBtavárez
942 _2ddc
_cLBS1
999 _c59169
_d59169